| 000 | 01867cam a2200373 i 4500 | ||
|---|---|---|---|
| 001 | 18215024 | ||
| 003 | PILC | ||
| 005 | 20150921141841.0 | ||
| 008 | 140701t20152015stka b 001 0 eng | ||
| 010 | _a 2014025744 | ||
| 020 | _a9780702040474 (pbk.) | ||
| 020 | _a0702040479 (pbk.) | ||
| 035 | _a(DNLM)101635856 | ||
| 040 |
_aDNLM/DLC _cDLC _erda _dDLC |
||
| 042 | _apcc | ||
| 050 | 0 | 0 |
_aRA 645.5 _b.D546 2015 |
| 060 | 1 | 0 | _aWA 295 |
| 082 | 0 | 0 | _a363.34/8 |
| 245 | 0 | 0 |
_aDisaster and development : _ban occupational perspective / _cedited by Nancy Rushford, PhD, MSc OT Reg (Ont), MA (Counseling Psychology), Director of Programs & Implementation, Alzheimer Society of Ontario, Canada, Kerry Thomas, BSc (OT), Grad Dip (Health Management), interPART, Australia ; forewords by Valerie Scherrer, MA, OT, Director, Emergency Response Unit, CBM, Co-ordinator, Conflict and Emergency Task Group of the International Disability and Development Consortium, Germany, Marilyn Pattinson, B App Sc (OT), MBA, FWFOT, President, World Federation of Occupational Therapist (WFOT), Managing Principal, MPOT Pty Ltd, Australia. |
| 260 |
_aEdinburgh : _bElsevier, _c2015. |
||
| 300 |
_axviii, 274 pages : _billustrations ; _c24 cm |
||
| 500 | _aIncludes bibliographical references and index. | ||
| 650 | 1 | 2 |
_aDisaster Planning _vPersonal Narratives. |
| 650 | 1 | 2 |
_aOccupational Therapy _vPersonal Narratives. |
| 650 | 2 | 2 |
_aDisaster Medicine _xmethods _vPersonal Narratives. |
| 650 | 2 | 2 |
_aEmergencies _vPersonal Narratives. |
| 650 | 2 | 2 |
_aRelief Work _vPersonal Narratives. |
| 650 | 2 | 2 |
_aRescue Work _vPersonal Narratives. |
| 700 | 1 |
_aRushford, Nancy, _eeditor. |
|
| 700 | 1 |
_aThomas, Kerry, _d1957- , _eeditor. |
|
| 906 |
_a7 _bcbc _corignew _d1 _eecip _f20 _gy-gencatlg |
||
| 942 |
_2lcc _cBK _kFOR |
||
| 999 |
_c288708 _d288708 |
||